| 000 | 00384nam a22001697a 4500 | ||
|---|---|---|---|
| 003 | SGT | ||
| 005 | 20260704093535.0 | ||
| 082 |
_a615 _bH96D |
||
| 100 | _aDHAMA, KPS. | ||
| 245 | _aHOMOEOPATIY THE COMPLETE HANDBOOK | ||
| 250 | _a6TH | ||
| 260 |
_aNEW DELHI _bDSPRUD _c1996 |
||
| 300 | _a323 | ||
| 650 | _a`PHARMACY | ||
| 653 | _aHOMOEOPATIY , COMPLETE, HANDBOOK | ||
| 942 |
_2ddc _cBK |
||
| 999 |
_c35062 _d35062 |
||